| 000 | 01424cam a2200349 a 4500 | ||
|---|---|---|---|
| 001 | 15328331 | ||
| 005 | 20090122114956.0 | ||
| 008 | 080613s2009 nyuab b 001 0 eng | ||
| 010 | _a 2008025923 | ||
| 015 |
_aGBA8A2595 _2bnb |
||
| 016 | 7 |
_a014701734 _2Uk |
|
| 020 | _a0071492739 (alk. paper) | ||
| 020 | _a9780071492737 (alk. paper) | ||
| 035 | _a(OCoLC)ocn184828053 | ||
| 035 | _a(OCoLC)184828053 | ||
| 040 |
_aDLC _cDLC _dBTCTA _dBAKER _dYDXCP _dUKM _dC#P _dBWX _dIXA _dCDX _dDLC |
||
| 050 | 0 | 0 |
_aTD403 _b.K74 2009 |
| 082 | 0 | 0 |
_a333.9104 _222 _bKRE |
| 100 | 1 |
_aKresic, Neven. _94522 |
|
| 245 | 1 | 0 |
_aGroundwater resources : _bsustainability, management, and restoration / _cNeven Kresic. |
| 260 |
_aNew York : _bMcGraw-Hill, _cc2009. |
||
| 300 |
_axii, 852 p. : _bill., maps ; _c25 cm. |
||
| 500 | _aIncludes Index. | ||
| 504 | _aIncludes bibliographical references and index. | ||
| 650 | 0 |
_aGroundwater _xManagement. _94523 |
|
| 650 | 0 |
_aWater conservation. _94524 |
|
| 650 | 0 |
_aWater quality. _94525 |
|
| 650 | 0 |
_aAquifer storage recovery. _94526 |
|
| 942 |
_2ddc _cBB |
||
| 999 |
_c11476 _d11476 |
||